|
|
|
|
| LEADER |
00000nam a2200000 4500 |
| 001 |
vtls012278912 |
| 003 |
SK-MaSNL |
| 005 |
20260301152356.0 |
| 008 |
250703s2024 xo o g c 0000| slo |
| 020 |
|
|
|a 9788085706765
|q (brožované)
|
| 040 |
|
|
|a SNK
|b slo
|c SNK
|e rda
|
| 041 |
0 |
|
|a slo
|
| 044 |
|
|
|a xo
|c SK
|
| 072 |
|
7 |
|a 72/76
|x Výtvarné umenie
|2 konspekt
|
| 080 |
|
|
|a 72/76
|2 2011
|
| 080 |
|
|
|a (083.824)
|2 2011
|
| 080 |
|
|
|a 7.041.5
|2 2011
|
| 245 |
0 |
0 |
|a IV. Trienále portrétu
|b 5.6.-9.11.2024
|c zostavila Jana Babušiaková
|
| 246 |
3 |
|
|a Štvrté Trienále portrétu
|
| 264 |
|
1 |
|a V Liptovskom Mikuláši
|b Liptovská galéria Petra Michala Bohúňa
|c 2024
|
| 300 |
|
|
|a 189 strán
|b farebné fotografie
|c 23 cm
|
| 336 |
|
|
|a text
|b txt
|2 rdacontent
|
| 336 |
|
|
|a statický obraz
|b sti
|2 rdacontent
|
| 337 |
|
|
|a bez média
|b n
|2 rdamedia
|
| 338 |
|
|
|a zväzok
|b nc
|2 rdacarrier
|
| 366 |
|
|
|e 250 kusov
|
| 650 |
0 |
7 |
|a výtvarné umenie
|2 SNKPH
|9 723
|
| 650 |
0 |
7 |
|a Fine art
|2 SNKPHeng
|9 265088
|
| 650 |
0 |
7 |
|a portréty
|2 SNKPH
|9 2975
|
| 650 |
0 |
7 |
|a Portraits
|2 SNKPHeng
|9 426625
|
| 655 |
|
7 |
|a katalógy výstav
|2 SNKPH
|9 70445
|
| 655 |
|
7 |
|a Exhibition catalogs
|2 SNKPHeng
|9 266232
|
| 700 |
1 |
|
|a Babušiaková, Jana,
|d 1988-
|4 com
|9 168671
|
| 700 |
1 |
|
|a Gregor, Richard,
|d 1974-
|4 aut
|9 103208
|
| 700 |
1 |
|
|a Herucová, Marta,
|d 1956-
|4 aut
|9 9248
|
| 700 |
1 |
|
|a Kukla, Krisztián
|4 aut
|9 512545
|
| 700 |
1 |
|
|a Poljak, Peter
|4 pht
|9 512546
|
| 700 |
1 |
|
|a Kostrzeva, Tomáš
|4 bkd
|9 512547
|
| 752 |
|
|
|a Slovensko
|d Liptovský Mikuláš
|
| 852 |
|
|
|a Slovenská národná knižnica
|
| 919 |
|
|
|a 978-80-85706-76-5
|
| 999 |
|
|
|c 789070
|d 791000
|
| 952 |
|
|
|a SNK
|b SNK
|y NEVYP
|7 1
|p 17A1583256
|o snkOSC 31049
|i snk2026/245
|8 0
|0 0
|1 0
|4 0
|d 2026-01-09
|l 0
|r 2026-02-24 01:31:16
|w 2026-02-24
|